| 000 | 01073nam a22002537a 4500 | ||
|---|---|---|---|
| 005 | 20140402020002.0 | ||
| 008 | 120514s2011 ck abdo r 00 0 spa d | ||
| 020 | _a9789588426280 | ||
| 041 | _aspa | ||
| 044 | _ack | ||
| 082 | 0 | 4 |
_a333.72 _bA55q |
| 100 | 1 |
_aAndrade-Pérez, Germán Ignacio _9869 |
|
| 245 | 0 | 0 |
_a¿Qué y dónde conservar? _cGermán Ignacio Andrade Pérez y Germán Arturo Corzo Mora |
| 260 |
_aBogotá _bParques Nacionales Naturales de Colombia _c2011. |
||
| 300 |
_a197 p. _bilustraciones, fotos y mapas _c22 cm. _eMapa CID-028749 |
||
| 500 | _aMapa anexo Biomas prioritarios de conservación Anexo al ejemplar 1 - CID-028749 Anexo al ejemplar 2 - CID-028750 | ||
| 504 | _aIncluye referencias bibliográficas. | ||
| 650 | 1 | 4 |
_aConservación de los recursos naturales _zColombia _919318 |
| 650 | 2 | 4 |
_aConservación biológica _zColombia _919319 |
| 650 | 2 | 4 |
_aConservación de la diversidad biológica _zColombia _919320 |
| 650 | 2 | 4 |
_aProtección del medio ambiente _zColombia _919321 |
| 700 | 1 |
_aCorzo-Mora, Germán Arturo _9872 |
|
| 942 |
_2ddc _cImpreso _02 |
||
| 999 |
_c7678 _d7678 |
||